|
|
|
|
| LEADER |
00000nta a2200000 i 4500 |
| 001 |
dolg23929 |
| 005 |
20200302163226.0 |
| 008 |
191204suuuu hu om 000 ger d |
| 040 |
|
|
|a BGE Dolgozattár Repozitórium
|b hun
|
| 041 |
|
|
|a de
|
| 100 |
1 |
|
|a Takács Emese
|
| 245 |
1 |
4 |
|a Die Rolle und Strategie des persönlichen Verkaufs und seine Erscheinung im Neuwagenverkauf
|c Takács Emese
|h [elektronikus dokumentum]
|
| 246 |
1 |
1 |
|a A személyes eladás szerepe és stratégiája, illetve megjelenése az új autóiparban
|
| 695 |
|
|
|a Persönliche Verkauf
|
| 695 |
|
|
|a Neuwagenverkauf
|
| 700 |
1 |
|
|a Dudás Attila
|e ths
|
| 856 |
4 |
0 |
|u http://dolgozattar.uni-bge.hu/23929/1/Tak%C3%A1cs_Emese_DYQDLV.pdf
|z Dokumentum-elérés
|